Power : (Record no. 19182)

000 -LEADER
fixed length control field 00810cam a22002294a 4500
020 ## - INTERNATIONAL STANDARD BOOK NUMBER
ISBN 0333420918 (cloth)
020 ## - INTERNATIONAL STANDARD BOOK NUMBER
ISBN 0333420926 (paper)
040 ## - CATALOGING SOURCE
Transcribing agency DLC
082 00 - DEWEY DECIMAL CLASSIFICATION NUMBER
Classification number 303 PAL 2004 C163 Or.
100 1# - MAIN ENTRY--AUTHOR NAME
Personal name Lukes, Steven.
245 10 - TITLE STATEMENT
Title Power :
Remainder of title a radical view /
250 ## - EDITION STATEMENT
Edition statement 2nd ed.
260 ## - PUBLICATION, DISTRIBUTION, ETC. (IMPRINT)
Place of publication Houndmills, Basingstoke, Hampshire :
-- New York :
Name of publisher Palgrave Macmillan,
Year of publication 2004.
300 ## - PHYSICAL DESCRIPTION
Number of Pages viii, 192 p. :
Dimensions 23 cm.
500 ## - GENERAL NOTE
General note "Published in association with the British Sociological Association."
650 #0 - SUBJECT ADDED ENTRY--TOPICAL TERM
Topical Term Power (Social sciences)
650 #0 - SUBJECT ADDED ENTRY--TOPICAL TERM
Topical Term Political science
856 42 - ELECTRONIC LOCATION AND ACCESS
Uniform Resource Identifier http://www.loc.gov/catdir/bios/hol059/2004057346.html
856 42 - ELECTRONIC LOCATION AND ACCESS
Uniform Resource Identifier http://www.loc.gov/catdir/description/hol054/2004057346.html
856 41 - ELECTRONIC LOCATION AND ACCESS
Uniform Resource Identifier http://www.loc.gov/catdir/toc/hol052/2004057346.html
942 ## - ADDED ENTRY ELEMENTS (KOHA)
Koha item type ADB
952 ## - LOCATION AND ITEM INFORMATION (KOHA)
Withdrawn status [LOCAL, KOHA] 0
Holdings
Permanent Location Date acquired Koha item type Lost status Shelving location Barcode Current Location Full call number
Library Block C2020-05-11សៀវភៅភាសាអង់គ្លេស C163A36791Library Block C303 PAL 2004 C163 Or.
មជ្ឈមណ្ឌលឯការនៃសាកលវិទ្យាល័យភូមិន្ទកសិកម្មចំការដូង

Powered by Koha